Gramática castellana / (Record no. 111169)
[ view plain ]
| 000 -LEADER | |
|---|---|
| campo de control de longitud fija | 00931nam a2200253 i 4500 |
| 001 - NÚMERO DE CONTROL | |
| campo de control | 111169 |
| 003 - IDENTIFICADOR DE NÚMERO DE CONTROL | |
| campo de control | ES-MaACL |
| 005 - FECHA Y HORA DE LA ÚLTIMA TRANSACCIÓN | |
| campo de control | 20251121121103.0 |
| 007 - CAMPO FIJO DE DESCRIPCIÓN FÍSICA--INFORMACIÓN GENERAL | |
| campo de control de longitud fija | t| |
| 008 - DATOS DE LONGITUD FIJA--INFORMACIÓN GENERAL | |
| campo de control de longitud fija | 061121s1909 gw r ||||1| spa d |
| 080 ## - NÚMERO DE LA CLASIFICACIÓN DECIMAL UNIVERSAL | |
| Número de la Clasificación Decimal Universal | 811.134.2'36 |
| 100 1# - ENTRADA PRINCIPAL--NOMBRE DE PERSONA | |
| Nombre de persona | Nebrija, Antonio de, |
| Fechas asociadas al nombre | 1444-1522 |
| 9 (RLIN) | 85269 |
| 245 10 - MENCIÓN DEL TÍTULO | |
| Título | Gramática castellana / |
| Mención de responsabilidad, etc. | Antonio de Lebrija [sic] ; publiée avec une préface par E. Walberg. |
| 260 ## - PUBLICACIÓN, DISTRIBUCIÓN, ETC. | |
| Lugar de publicación, distribución, etc. | Halle : |
| Nombre del editor, distribuidor, etc. | Max Niemeyer, |
| Fecha de publicación, distribución, etc. | 1909. |
| 300 ## - DESCRIPCIÓN FÍSICA | |
| Extensión | XV, [132] p. ; |
| Dimensiones | 20 cm. |
| 530 ## - NOTA DISPONIBLE DE FORMULARIO FÍSICO ADICIONAL | |
| Nota de formato físico adicional disponible | Disponible en formato digital. |
| 534 ## - NOTA SOBRE LA VERSIÓN ORIGINAL | |
| Frase introductoria | Reprod. phototypique de l'édition princeps (1492) |
| 650 #4 - PUNTO DE ACCESO ADICIONAL DE MATERIA--TÉRMINO DE MATERIA | |
| Término de materia o nombre geográfico como elemento de entrada | Lengua española- |
| Subdivisión general | Gramática- |
| Subdivisión de forma | Obras anteriores a 1800. |
| 9 (RLIN) | 14163 |
| 700 1# - ENTRADA AGREGADA--NOMBRE PERSONAL | |
| Nombre de persona | Walberg, E. |
| 9 (RLIN) | 115889 |
| 852 4# - LOCALIZACIÓN | |
| Ubicación | ES-MaACL |
| Número de control de estantería | G-268 |
| Ubicación en estantería | Depósito 2 |
| 856 4# - LOCALIZACIÓN Y ACCESO ELECTRÓNICOS | |
| Identificador Uniforme de Recursos | <a href="https://bibliotecadigital.jcyl.es/es/consulta/registro.do?id=4900">https://bibliotecadigital.jcyl.es/es/consulta/registro.do?id=4900</a> |
| Texto de enlace | (Biblioteca Digital de Castilla y León) |
| 942 ## - ELEMENTOS DE ENTRADA SECUNDARIOS (KOHA) | |
| Fuente del sistema de clasificación o colocación | Clasificación decimal universal |
| Estatus retirado | Estado de pérdida | Estado de daño | No para préstamo | Colección | Biblioteca de origen | Biblioteca actual | Ubicación en estantería | Fecha de adquisición | Fuente de adquisición | Total de préstamos | Signatura topográfica completa | Código de barras | Visto por última vez | Precio de reemplazo | Tipo de ítem Koha |
|---|---|---|---|---|---|---|---|---|---|---|---|---|---|---|---|
| Colección digital | Biblioteca del Ateneo de Madrid | Biblioteca del Ateneo de Madrid | Depósito 2 | 17/01/2008 | G-268 | 1115984 | 23/02/2023 | 23/02/2023 | Libro impreso |
